<?xml version="1.0" encoding="UTF-8"?>
<record
    xmlns:xsi="http://www.w3.org/2001/XMLSchema-instance"
    xsi:schemaLocation="http://www.loc.gov/MARC21/slim http://www.loc.gov/standards/marcxml/schema/MARC21slim.xsd"
    xmlns="http://www.loc.gov/MARC21/slim">

  <leader>00836nam a2200217 i 4500</leader>
  <datafield tag="999" ind1=" " ind2=" ">
    <subfield code="c">7390</subfield>
    <subfield code="d">7390</subfield>
  </datafield>
  <controlfield tag="003">OSt</controlfield>
  <controlfield tag="005">20211111105533.0</controlfield>
  <controlfield tag="008">180124e201712  spc||||  |||| 0|0 0acat|</controlfield>
  <datafield tag="017" ind1=" " ind2=" ">
    <subfield code="a">DL B 26689-2017, </subfield>
    <subfield code="b">Biblioteca de Catalunya</subfield>
  </datafield>
  <datafield tag="020" ind1=" " ind2=" ">
    <subfield code="a">9788417183141</subfield>
  </datafield>
  <datafield tag="040" ind1=" " ind2=" ">
    <subfield code="a">CDMR</subfield>
    <subfield code="b">cat </subfield>
    <subfield code="c">0</subfield>
  </datafield>
  <datafield tag="100" ind1=" " ind2=" ">
    <subfield code="a">Segu&#xED;, Horaci</subfield>
    <subfield code="9">4690</subfield>
  </datafield>
  <datafield tag="245" ind1="1" ind2="3">
    <subfield code="a">La Meva vida en un "clic" / </subfield>
    <subfield code="c">Horacio Segu&#xED; ; pr&#xF2;leg de Josep Llu&#xED;s Vilaseca ; textos de Toni Vall ; coordinaci&#xF3;: Gemma F&#xE0;bregas ; imatges: Horacio Segu&#xED;</subfield>
  </datafield>
  <datafield tag="264" ind1=" " ind2="1">
    <subfield code="a">Barcelona : </subfield>
    <subfield code="b">Editorial Base, </subfield>
    <subfield code="c">2017</subfield>
  </datafield>
  <datafield tag="300" ind1=" " ind2=" ">
    <subfield code="a">159 p&#xE0;gines : </subfield>
    <subfield code="b">principalment il&#xB7;lustrat (algunes en color) ; </subfield>
    <subfield code="c">23 x 30 cm</subfield>
  </datafield>
  <datafield tag="600" ind1=" " ind2="0">
    <subfield code="a">Segu&#xED;, Horaci</subfield>
    <subfield code="9">4690</subfield>
  </datafield>
  <datafield tag="650" ind1=" " ind2="0">
    <subfield code="a">Fot&#xF2;grafs</subfield>
    <subfield code="z">Catalunya-</subfield>
    <subfield code="x">Biografies</subfield>
    <subfield code="9">4305</subfield>
  </datafield>
  <datafield tag="650" ind1=" " ind2="0">
    <subfield code="a">Fotoperiodisme</subfield>
    <subfield code="z">Catalunya</subfield>
    <subfield code="x">Biografies</subfield>
    <subfield code="9">1270</subfield>
  </datafield>
  <datafield tag="700" ind1="1" ind2=" ">
    <subfield code="a">Vall, Toni, </subfield>
  </datafield>
  <datafield tag="942" ind1=" " ind2=" ">
    <subfield code="2">udc</subfield>
    <subfield code="c">MON</subfield>
  </datafield>
  <datafield tag="952" ind1=" " ind2=" ">
    <subfield code="0">0</subfield>
    <subfield code="1">0</subfield>
    <subfield code="4">0</subfield>
    <subfield code="7">0</subfield>
    <subfield code="a">CDMR</subfield>
    <subfield code="b">CDMR</subfield>
    <subfield code="d">2021-11-09</subfield>
    <subfield code="e">Donaci&#xF3;</subfield>
    <subfield code="g">28.90</subfield>
    <subfield code="l">0</subfield>
    <subfield code="o">Fa 6/17</subfield>
    <subfield code="p">CDMR21110004</subfield>
    <subfield code="r">2021-11-09</subfield>
    <subfield code="w">2021-11-09</subfield>
    <subfield code="y">MON</subfield>
  </datafield>
</record>
